000 00456nam a2200181Ia 4500
001 11332
005 20260306162820.0
008 260306t1970||||xx |||||||||||||| ||spa||
041 _aESP
082 _a985.03
_bV32
100 _aVargas Ugarte, Rubén
_eAUT
245 0 _aDe la conquista a la república:
_bartículos históricos
260 _c1970
300 _a203 páginas :
_c22 cm.
650 _aGEN
654 _aCHU
942 _cLIB
_dJUS
_fJUS
_2ddc
_n
999 _c11332
_d11332